000 00477cam a2200193ua 4500
001 3982
005 20260515113751.0
008 111212n ii |||gr||||Z||||||asm
040 _cMAIN
082 _a891.4511
100 1 _aChoudhury, Ambikagiri Rai,
245 1 1 _aAnubhuti
_cby Ambikagiri Rai Choudhury
250 _a2nd.
260 _aGuwahati:
_bKoushalya dev rai choudhury,966.
300 _a109p:
_c23cm.
653 _aAssamese poem
653 _aAnubhuti
942 _cBK
999 _c3802
_d3802